000 00657nam a22002057a 4500
999 _c1197
_d1197
003 AR-CdUCM
008 190226b ||||| |||| 00| 0 eng d
040 _aMUNICIPALIDAD PROVINCIAL DEL CUSCO
_cBIBLIOTECA MUNICIPAL DEL CUSCO
082 _a985.009 /
_bD32
100 _aDejo BendezĂș, Juan,
_94674
245 _aAtahualpa /
_cJuan Dejo BendezĂș.
260 _aLima :
_bBrasa,
_c1993.
300 _a126 paginas ;
_c20 cm.
505 _aEl tawantinsuyo -- Un inca controvertido -- El ocaso de un inca ...
650 _aMuerte.
_92924
650 _aTransformacion.
_94675
650 _aIconografia.
_9654
942 _2ddc
_cLIBROS
945 _aacrt
_d2019-02-26